Теория и практика преподавания иностранного языка в неязыковом вузе: основы и тренды: электронный курс
| Hlavní autor: | |
|---|---|
| Korporativní autor: | |
| Shrnutí: | Заглавие с экрана Основной целью курса является веб-поддержка слушателей программы повышения квалификации "Теория и практика преподавания иностранного языка в неязыковом вузе: основы и тренды". Курс предназначен для организации самостоятельной работы слушателей по данной программе, в том числе для выполнения индивидуальных заданий. Курс включает в себя 4 модуля. В каждом модуле слушателям предлагаются материалы очных семинаров по соответствующему разделу программы повышения квалификации, включая презентации, рабочие листы, иные раздаточные материалы и результаты совместной деятельности. Модули содержат индивидуальные задания, направленные на повторение и трансфер содержания программы, обмен мнениями, информацией и опытом. Интерактивный мультимедиа ресурс AM_Login_TPU |
| Jazyk: | ruština |
| Vydáno: |
Томск, TPU Moodle, 2024
|
| Témata: | |
| On-line přístup: | https://design.lms.tpu.ru/course/view.php?id=4964 |
| Médium: | MixedMaterials Elektronický zdroj Kniha |
| KOHA link: | https://koha.lib.tpu.ru/cgi-bin/koha/opac-detail.pl?biblionumber=675254 |
MARC
| LEADER | 00000nlm0a2200000 4500 | ||
|---|---|---|---|
| 001 | 675254 | ||
| 005 | 20241010091155.0 | ||
| 090 | |a 675254 | ||
| 100 | |a 20241008d2024 m||y0rusy50 ca | ||
| 101 | 0 | |a rus | |
| 102 | |a RU | ||
| 105 | |a a j 000yy | ||
| 135 | |a jrcn ---uucaa | ||
| 181 | 0 | |a i |b e | |
| 182 | 0 | |a b | |
| 183 | 0 | |a cr |2 RDAcarrier | |
| 200 | 1 | |a Теория и практика преподавания иностранного языка в неязыковом вузе: основы и тренды |e электронный курс |f М. В. Плеханова |g Национальный исследовательский Томский политехнический университет, Отделение иностранных языков | |
| 203 | |a Текст |c электронный |b визуальный | ||
| 210 | |a Томск |c TPU Moodle |d 2024 | ||
| 283 | |a online_resource |2 RDAcarrier | ||
| 300 | |a Заглавие с экрана | ||
| 330 | |a Основной целью курса является веб-поддержка слушателей программы повышения квалификации "Теория и практика преподавания иностранного языка в неязыковом вузе: основы и тренды". Курс предназначен для организации самостоятельной работы слушателей по данной программе, в том числе для выполнения индивидуальных заданий. Курс включает в себя 4 модуля. В каждом модуле слушателям предлагаются материалы очных семинаров по соответствующему разделу программы повышения квалификации, включая презентации, рабочие листы, иные раздаточные материалы и результаты совместной деятельности. Модули содержат индивидуальные задания, направленные на повторение и трансфер содержания программы, обмен мнениями, информацией и опытом. | ||
| 336 | |a Интерактивный мультимедиа ресурс | ||
| 371 | |a AM_Login_TPU | ||
| 606 | 1 | |a Иностранные языки |x Методика преподавания |9 39408 | |
| 610 | 1 | |a электронный ресурс | |
| 610 | 1 | |a труды учёных ТПУ | |
| 610 | 1 | |a электронное обучение | |
| 610 | 1 | |a кампусные онлайн-курсы | |
| 610 | 1 | |a дистанционное образование | |
| 610 | 1 | |a дистанционное обучение | |
| 610 | 1 | |a e-learning | |
| 610 | 1 | |a Moodle | |
| 610 | 1 | |a дидактико-методические принципы | |
| 610 | 1 | |a иностранный язык | |
| 610 | 1 | |a преподавание | |
| 610 | 1 | |a целеполагание | |
| 610 | 1 | |a планирование занятий | |
| 610 | 1 | |a устойчивый результат | |
| 610 | 1 | |a учебная автономия | |
| 610 | 1 | |a учебные стратегии | |
| 610 | 1 | |a практико-исследовательский проект | |
| 686 | |2 rubbk |a Ш12-9 | ||
| 700 | 1 | |a Плеханова |b М. В. |c лингвист |c доцент Томского политехнического университета, кандидат педагогических наук |f 1975- |g Марина Викторовна |9 14302 | |
| 712 | 0 | 2 | |a Национальный исследовательский Томский политехнический университет |b Школа общественных наук |b Отделение иностранных языков |4 570 |
| 801 | 0 | |a RU |b 63413507 |c 20241008 |g RCR | |
| 850 | |a 63413507 | ||
| 856 | 4 | |u https://design.lms.tpu.ru/course/view.php?id=4964 |z https://design.lms.tpu.ru/course/view.php?id=4964 | |
| 942 | |c CF | ||